Organizational decision making /

Bibliographic Details
Main Author: Bass, Bernard M.
Format: Book
Language:English
Published: Homewood, Ill. : R.D. Irwin, [1983]
Series:Irwin series in management and the behavioral sciences.
Subjects:

MARC

Tag First Indicator Second Indicator Subfields
LEADER 00000cam a2200000 a 4500
001 in00000538331
005 20151013163849.0
008 830421s1983 ilua b 00110 eng
010 |a  82082120  
020 |a 0256029229 
035 |a (OCoLC)09532080 
035 |9 ACG8568AM 
039 0 |a 2  |b 3  |c 3  |d 3  |e 3 
040 |a DLC  |c DLC  |d TXA  |d UtOrBLW 
049 |a TXAM  |c [1677584] 
050 0 0 |a HD30.23  |b .B368 1983 
082 0 |a 658.4/03  |2 19 
100 1 |a Bass, Bernard M. 
245 1 0 |a Organizational decision making /  |c Bernard M. Bass. 
264 1 |a Homewood, Ill. :  |b R.D. Irwin,  |c [1983] 
264 4 |c ©1983 
300 |a xiii, 223 pages :  |b illustrations ;  |c 24 cm. 
336 |a text  |b txt  |2 rdacontent 
337 |a unmediated  |b n  |2 rdamedia 
338 |a volume  |b nc  |2 rdacarrier 
490 1 |a The Irwin series in management and the behavioral sciences 
500 |a Includes index. 
504 |a Bibliography: pages 193-212. 
536 |a Dr. Paul P. Van Riper Collection, Department of Political Science. 
650 0 |a Decision making. 
650 0 |a Organization. 
830 0 |a Irwin series in management and the behavioral sciences. 
999 |a MARS 
999 f f |s cc250023-7ab8-3013-bb40-fca491aa22fe  |i e4c95125-95cc-386f-9975-d2334ef20325  |t 0 
952 f f |p ric  |a Texas A&M University  |b Rellis Campus  |c Joint Library Facility  |d Remote Storage  |t 0  |e HD30.23 .B368 1983  |h Library of Congress classification  |i unmediated -- volume  |m A14821300218 
998 f f |a HD30.23 .B368 1983  |t 0  |l Remote Storage